000 00764nam a2200205 i 4500
001 bg
245 0 0 _aNowoczesne rozwiązania urządzeń oświetleniowych :
_bmiędzynarodowa konferencja naukowo techniczna, Zielona Góra, 16-17 marzec 2000 /
_c[komitet naukowy Jan Grzonkowski et al.].
260 _aZielona-Góra :
_bWydaw. Politechniki Zielonogórskiej,
_c2000.
300 _a201 s. :
_bil. ;
_c24 cm.
500 _aTekst częśc. niem. - Streszcz. ang. przy ref.
504 _aBibliogr. przy rozdz.
650 9 _aOświetlenie elektryczne
655 _aMateriały konferencyjne
700 1 _aGRZONKOWSKI, Jan.
_eRed.
040 _cBPK
041 0 _apolger
_beng
080 _a621.32:628.9](061)
942 _cKS
008 s pl f |000 0 pol
999 _c42629
_d42629
856 _uhttp://koha.tu.koszalin.pl/cgi-bin/koha/opac-detail.pl?biblionumber=42629
_yKatalog online BPK